Statystyki dla Najdłuższe rzeki w Polsce

Kliknij tutaj aby rozwiązać quiz!

Ogólne statystyki

  • Ten quiz został rozwiązany 53 razy
  • Średni wynik to 10 z 20

Statystyki odpowiedzi

DługośćRzeka% Poprawnych
854Odra
100%
1047Wisła
100%
808Warta
96%
772Bug
94%
458San
72%
484Narew
64%
247Dunajec
55%
303Wieprz
53%
391Noteć
47%
319Pilica
47%
252Nysa Łużycka
45%
205Wisłok
38%
272Bóbr
36%
238Brda
34%
198Wda
28%
249Wkra
28%
207Drwęca
26%
264Łyna
19%
217Prosna
11%
186Drawa
9%

Rozkład punktacji

Percentyl według liczby udzielonych odpowiedzi

Procent ludzi z każdym wynikiem

Twoja historia wyników

Nie rozwiązałeś tego quizu